[Event "BLR-ch sf"]
[Site "Minsk"]
[Date "2023.12.14"]
[Round "8"]
[White "Kazlou, Petr"]
[Black "Yarotski, Aliaksei"]
[Result "0-1"]
[WhiteElo "1302"]
[BlackElo "1250"]
[PlyCount "104"]
[EventDate "2023.12.07"]
[EventType "swiss"]
[EventRounds "9"]
[EventCountry "BLR"]
[SourceTitle "CB51_2023"]
[SourceDate "2023.12.20"]
[SourceVersion "1"]
[SourceVersionDate "2023.12.20"]
[SourceQuality "1"]

1. e4 e6 2. d4 d5 3. e5 c5 4. c3 Qb6 5. Bd3 Nc6 6. Nf3 Bd7 7. dxc5 Bxc5 8. Qe2 a5 9. 0-0 Nge7 10. Nbd2 Ng6 11. Nb3 Be7 12. Re1 0-0 13. g3 a4 14. Nbd4 Bc5 15. Nxc6 bxc6 16. h4 Rfe8 17. h5 Nf8 18. h6 g6 19. Ng5 Qd8 20. Qf3 Qe7 21. Kg2 Bc8 22. Nh3 Nd7 23. Bg5 Qf8 24. Nf4 Be7 25. Bxe7 Qxe7 26. Qg4 Kh8 27. Qe2 Nc5 28. Bc2 Ba6 29. Qe3 Rab8 30. Rab1 Bc4 31. b4 axb3 32. axb3 Bxb3 33. Bxb3 Nxb3 34. Nd3 c5 35. Qf4 c4 36. Nb4 Rec8 37. Nc2 Kg8 38. Nd4 Kf8 39. Nf3 Nc5 40. Qe3 Nd3 41. Red1 Qc5 42. Nd4 Qc7 43. Qf3 Ke8 44. Qg4 Rxb1 45. Rxb1 Qxe5 46. Nf3 Qe2 47. Qd4 e5 48. Qa7 d4 49. Rb7 Qxf2+ 50. Kh3 Qxf3 51. Re7+ Kf8 52. Rxf7+ Qxf7 0-1

[Event "BLR-ch sf"]
[Site "Minsk"]
[Date "2023.12.13"]
[Round "7"]
[White "Yarotski, Aliaksei"]
[Black "Kholiusev, Mikhail"]
[Result "0-1"]
[WhiteElo "1250"]
[BlackElo "1490"]
[PlyCount "152"]
[EventDate "2023.12.07"]
[EventType "swiss"]
[EventRounds "9"]
[EventCountry "BLR"]
[SourceTitle "CB51_2023"]
[SourceDate "2023.12.20"]
[SourceVersion "1"]
[SourceVersionDate "2023.12.20"]
[SourceQuality "1"]

1. d4 d5 2. Nf3 Nf6 3. Bg5 c6 4. e3 Ne4 5. Bh4 Nd7 6. Bd3 Ndf6 7. h3 h6 8. 0-0 g5 9. Bg3 Nxg3 10. fxg3 g4 11. Ne5 h5 12. h4 Bh6 13. Qe2 Be6 14. Nd2 Qc7 15. Bf5 Qc8 16. Bxe6 Qxe6 17. Kh2 0-0-0 18. c4 dxc4 19. Ndxc4 Rhf8 20. Rac1 Nd7 21. Nd3 Qd5 22. b4 Kb8 23. Na5 e5 24. Nxe5 Nxe5 25. Rc5 Nf3+ 26. gxf3 gxf3 27. Rxf3 Qe6 28. Re5 Qd6 29. Rxh5 Bg7 30. a3 Rde8 31. Qc4 Re7 32. Qc5 Qe6 33. Nc4 Rd8 34. b5 cxb5 35. Qxb5 Bxd4 36. Rhf5 Bg7 37. h5 Red7 38. Qb4 Ka8 39. Rf2 Rc8 40. Rc5 Rdc7 41. Rxc7 Rxc7 42. Rc2 Kb8 43. Rc1 Qd5 44. e4 Qxh5+ 45. Kg2 Qe2+ 46. Kh3 Qh5+ 47. Kg2 Qc5 48. Qxc5 Rxc5 49. Rc2 Bh6 50. Kf3 b5 51. Ne3 Bxe3 52. Rh2 Bd4 53. Rh7 f6 54. Kf4 Rc3 55. g4 Rxa3 56. g5 fxg5+ 57. Kxg5 b4 58. Rd7 Bc3 59. Rd5 Ra1 60. e5 Re1 61. Kf4 Rxe5 62. Rd1 a5 63. Rd6 Kb7 64. Rg6 a4 65. Rg2 b3 66. Rf2 b2 67. Rf1 Re1 68. Rf3 Bd2+ 69. Kg4 b1Q 70. Rh3 Qg6+ 71. Kf3 Re3+ 72. Kf2 Rxh3 73. Kf1 Qb1+ 74. Kf2 Qe1+ 75. Kg2 Rg3+ 76. Kh2 Qg1# 0-1